[Event "Foment Martinenc op-A 21st"]
[Site "Barcelona"]
[Date "2019.04.27"]
[Round "1"]
[White "Vidal Rius, Enric"]
[Black "Vehi Bach, Victor Manuel"]
[Result "0-1"]
[WhiteElo "1902"]
[BlackElo "2306"]
[PlyCount "132"]
[EventDate "2019.04.27"]
[EventType "swiss"]
[EventRounds "9"]
[EventCountry "ESP"]
[SourceTitle "EXT 2020"]
[Source "ChessBase"]
[SourceDate "2019.10.17"]
[SourceVersion "1"]
[SourceVersionDate "2019.10.17"]
[SourceQuality "1"]

1. d4 Nf6 2. Bf4 e6 3. e3 b6 4. Bd3 Bb7 5. Nf3 g6 6. Nbd2 d5 7. h4 Bg7 8. c3 Nbd7 9. Ne5 a6 10. Qe2 c5 11. 0-0-0 b5 12. Kb1 Qb6 13. g4 h5 14. g5 Ng8 15. Nxd7 Kxd7 16. dxc5 Qxc5 17. Nb3 Qc8 18. e4 Ne7 19. exd5 Bxd5 20. Rhe1 Rd8 21. Be5 Bxe5 22. Qxe5 Qc7 23. Qf6 Rf8 24. Be4 Rae8 25. Nd4 Kc8 26. Nf3 Rd8 27. Bxd5 Nxd5 28. Qd4 Rd6 29. c4 bxc4 30. Rc1 Nb6 31. Qe4 Qb7 32. Qf4 Rfd8 33. Ne5 Rd4 34. Qxf7 Qxf7 35. Nxf7 Re8 36. b3 Kc7 37. bxc4 Na4 38. Ne5 Rb8+ 39. Ka1 Rd2 40. c5 Rxf2 41. Nc4 Kd7 42. Red1+ Kc7 43. c6 Rd8 44. Rxd8 Kxd8 45. c7+ Kxc7 46. Nb2+ Kd6 47. Nxa4 Rf4 48. Nc5 Rxh4 49. Nxa6 Rg4 50. Nc5 h4 51. a4 h3 52. Nb7+ Kd5 53. Rh1 Rxa4+ 54. Kb2 Rb4+ 55. Kc3 Rxb7 56. Rxh3 Ke4 57. Rh1 Rc7+ 58. Kd2 Kf5 59. Kd3 Rd7+ 60. Ke3 Kxg5 61. Rg1+ Kf5 62. Rf1+ Ke5 63. Rg1 Rg7 64. Rg5+ Kf6 65. Kf4 Ra7 66. Rb5 Ra4+ 0-1

[Event "Barcelona Sant Marti op 8th"]
[Site "Barcelona"]
[Date "2019.03.07"]
[Round "8"]
[White "Vidal Rius, Enric"]
[Black "Costa Trave, Jaume"]
[Result "0-1"]
[WhiteElo "1883"]
[BlackElo "1853"]
[PlyCount "142"]
[EventDate "2019.01.17"]
[EventType "swiss"]
[EventRounds "9"]
[EventCountry "ESP"]
[SourceTitle "CBM 189 Extra"]
[Source "ChessBase"]
[SourceDate "2019.05.31"]
[SourceVersion "1"]
[SourceVersionDate "2019.05.31"]
[SourceQuality "1"]

1. e4 e6 2. d4 d5 3. e5 c5 4. c3 Nc6 5. Be3 Qb6 6. Qd2 cxd4 7. cxd4 Nge7 8. Bd3 Nf5 9. Nf3 Be7 10. Nc3 Qa5 11. 0-0 h6 12. a3 a6 13. b4 Qd8 14. Kh1 g5 15. g4 Ng7 16. Rg1 Bd7 17. Rac1 Rc8 18. Rg3 Kf8 19. Ne2 Na7 20. Rh3 Kg8 21. Ng3 Bb5 22. Bb1 Rxc1+ 23. Qxc1 Qc8 24. Qxc8+ Nxc8 25. Nd2 Nb6 26. f4 Nc4 27. Nxc4 Bxc4 28. f5 Bf8 29. Kg2 Ne8 30. Kf3 Nc7 31. Bc1 Be7 32. Ke3 Nb5 33. Bb2 a5 34. a4 Nc7 35. bxa5 Bb4 36. Bc2 Na6 37. Nh5 Bxa5 38. Nf6+ Kf8 39. Nd7+ Ke7 40. Nc5 Nxc5 41. dxc5 Kd7 42. Kd4 Kc6 43. Ba3 b6 44. fxe6 fxe6 45. Bd1 bxc5+ 46. Bxc5 Bd2 47. Rf3 Bf4 48. h3 Rb8 49. a5 Rb1 50. Ba4+ Bb5 51. Bxb5+ Kxb5 52. Bf8 Kxa5 53. Bxh6 Kb5 54. h4 Rd1+ 55. Kc3 d4+ 56. Kc2 Rd2+ 57. Kb3 Bxe5 58. Bxg5 Rg2 59. Bf4 Bxf4 60. Rxf4 Rg3+ 61. Kc2 Kc4 62. h5 Rg2+ 63. Kb1 Kc3 64. h6 d3 65. Rf1 Rxg4 66. Rh1 Rg8 67. h7 Rh8 68. Kc1 e5 69. Rh4 Ra8 70. Kb1 Rb8+ 71. Ka2 d2 0-1

[Event "Barcelona Sant Marti op 8th"]
[Site "Barcelona"]
[Date "2019.02.21"]
[Round "6"]
[White "Vidal Rius, Enric"]
[Black "Asensio Linan, Teodoro"]
[Result "1-0"]
[WhiteElo "1883"]
[BlackElo "2168"]
[PlyCount "111"]
[EventDate "2019.01.17"]
[EventType "swiss"]
[EventRounds "9"]
[EventCountry "ESP"]
[SourceTitle "CBM 189 Extra"]
[Source "ChessBase"]
[SourceDate "2019.05.31"]
[SourceVersion "1"]
[SourceVersionDate "2019.05.31"]
[SourceQuality "1"]

1. e4 c5 2. Nc3 Nc6 3. Bb5 Nd4 4. Bc4 Nf6 5. e5 d5 6. exd6 Qxd6 7. d3 Qc6 8. f3 b5 9. Bb3 a5 10. a4 Nxb3 11. cxb3 b4 12. Ne4 Ba6 13. Be3 Nd5 14. Qd2 f5 15. Nxc5 Rd8 16. Nxa6 Qxa6 17. 0-0-0 Qe6 18. Bc5 g6 19. Re1 Qf6 20. Ne2 Rc8 21. d4 f4 22. Kb1 Bg7 23. Nxf4 Rxc5 24. Ne6 Rc6 25. Qe2 Kf7 26. Nxg7 Kxg7 27. Qb5 Rd6 28. Re5 Rhd8 29. Rhe1 R8d7 30. Qxa5 Qf4 31. Qc5 Qxh2 32. R1e2 Rc7 33. Qa5 Qg1+ 34. Re1 Qxd4 35. Rxd5 Qxd5 36. Qxc7 Re6 37. Rxe6 Qxe6 38. a5 Qxb3 39. Qxe7+ Kg8 40. Qd8+ Kf7 41. a6 Qc4 42. Qd7+ Kf6 43. a7 b3 44. Qd8+ Kf7 45. Qd1 Qa6 46. Qxb3+ Kg7 47. Qb8 Qd3+ 48. Ka2 Qd5+ 49. Ka3 Qd3+ 50. Kb4 Qd4+ 51. Ka5 Qd5+ 52. Kb6 Qe6+ 53. Kc5 Qe3+ 54. Kd6 Qf4+ 55. Kd7 Qd4+ 56. Kc8 1-0

[Event "Barcelona Sant Marti op-B 14th"]
[Site "Barcelona"]
[Date "2012.07.18"]
[Round "6"]
[White "Vidal Rius, Enric"]
[Black "Barragan Hernandez, Manel"]
[Result "0-1"]
[WhiteElo "1955"]
[BlackElo "1832"]
[PlyCount "162"]
[EventDate "2012.07.13"]
[EventType "swiss"]
[EventRounds "9"]
[EventCountry "ESP"]
[SourceTitle "CBM 149 Extra"]
[Source "ChessBase"]
[SourceDate "2012.08.24"]
[SourceVersion "1"]
[SourceVersionDate "2012.08.24"]
[SourceQuality "1"]

1. f4 e5 2. fxe5 d6 3. Nf3 dxe5 4. e4 Nc6 5. Bb5 Bd7 6. 0-0 Bc5+ 7. Kh1 Qe7 8. Bxc6 Bxc6 9. d3 0-0-0 10. Qe2 f6 11. Be3 Nh6 12. Nbd2 Nf7 13. a4 h5 14. Nh4 Rh7 15. a5 Kb8 16. Rab1 Bxe3 17. Qxe3 Nd6 18. b4 g5 19. Nf5 Nxf5 20. Rxf5 Bd7 21. Rff1 Rf7 22. b5 b6 23. Nc4 Qe6 24. axb6 cxb6 25. Rb3 Bc8 26. Ra1 Rb7 27. Qf2 f5 28. Qxf5 Qxc4 29. dxc4 Bxf5 30. exf5 Rd2 31. Re3 Rxc2 32. Rf1 Rxc4 33. Rxe5 Rf7 34. Kg1 Rc5 35. Rxc5 bxc5 36. g4 h4 37. Rd1 Kc7 38. Kf2 Kb6 39. Rd6+ Kxb5 40. Ke3 Re7+ 41. Kd3 c4+ 42. Kd4 Re2 43. Rg6 Rxh2 44. Rxg5 Kb4 45. f6 Rd2+ 46. Ke3 c3 47. f7 Rd8 48. Rg8 c2 49. Rxd8 c1Q+ 50. Rd2 Qc3+ 51. Rd3 Qe5+ 52. Kf2 Qc5+ 53. Kg2 Qc2+ 54. Kg1 Qc1+ 55. Kg2 Qf4 56. Rf3 Qxg4+ 57. Kf2 Qd4+ 58. Kg2 Qg7+ 59. Kh3 Qf8 60. Kxh4 a5 61. Kg5 a4 62. Kg6 a3 63. Rf4+ Kc5 64. Rf5+ Kd6 65. Ra5 Kc6 66. Ra6+ Kb5 67. Re6 a2 68. Re5+ Kc4 69. Re4+ Kd5 70. Ra4 Qd6+ 71. Kg7 Qe5+ 72. Kg8 Qg5+ 73. Kh7 Qf6 74. Kg8 Qg6+ 75. Kf8 Qc2 76. Ra5+ Ke6 77. Ra6+ Kf5 78. Ra5+ Kg6 79. Ra6+ Kh7 80. Ra7 Qc5+ 81. Ke8 Qxa7 0-1

[Event "Barcelona Sant Marti op-B 14th"]
[Site "Barcelona"]
[Date "2012.07.17"]
[Round "5"]
[White "Rodriguez Martin, Manuel Maria"]
[Black "Vidal Rius, Enric"]
[Result "0-1"]
[WhiteElo "1817"]
[BlackElo "1955"]
[PlyCount "88"]
[EventDate "2012.07.13"]
[EventType "swiss"]
[EventRounds "9"]
[EventCountry "ESP"]
[SourceTitle "CBM 149 Extra"]
[Source "ChessBase"]
[SourceDate "2012.08.24"]
[SourceVersion "1"]
[SourceVersionDate "2012.08.24"]
[SourceQuality "1"]

1. e4 g6 2. d4 Bg7 3. Nf3 d6 4. Be3 Nf6 5. h3 Nxe4 6. Bd3 Nf6 7. Qd2 Nc6 8. g4 e5 9. Nc3 exd4 10. Nxd4 Nxd4 11. Bxd4 Qe7+ 12. Be2 0-0 13. 0-0-0 c5 14. Be3 d5 15. Nxd5 Nxd5 16. Qxd5 Qf6 17. c3 Be6 18. Qf3 Qe7 19. Kb1 b5 20. Bf4 Qe8 21. Bd6 b4 22. cxb4 cxb4 23. Rd3 a5 24. Bxf8 Bxf8 25. Rhd1 Rc8 26. Qb7 Rb8 27. Qc7 Rc8 28. Rd8 Bxa2+ 29. Ka1 Qa4 30. Bb5 Qxd1+ 31. Rxd1 Rxc7 32. Kxa2 Rc2 33. f4 Be7 34. Kb3 Rh2 35. Rd3 Bf6 36. Ka4 Bxb2 37. Kxa5 Bc3 38. Bc4 Rd2 39. Re3 Rd4 40. Re8+ Kg7 41. Rc8 Rxf4 42. Rc7 b3+ 43. Ka4 Rxc4+ 44. Rxc4 b2 0-1

[Event "Catalunya Club op"]
[Site "Spain"]
[Date "1999.??.??"]
[Round "?"]
[White "Gonzalez Garcia, Marc"]
[Black "Vidal Rius, Enric"]
[Result "1-0"]
[WhiteElo "2075"]
[BlackElo "1930"]
[PlyCount "66"]
[EventDate "1999.??.??"]
[EventType "swiss"]
[EventRounds "9"]
[EventCountry "ESP"]
[SourceTitle "EXT 2000"]
[Source "ChessBase"]
[SourceDate "1999.11.16"]
[SourceVersion "1"]
[SourceVersionDate "1999.11.16"]
[SourceQuality "1"]

1. d4 d5 2. Nf3 Nf6 3. g3 Bf5 4. Bg2 c5 5. 0-0 e6 6. c4 cxd4 7. Nxd4 Be4 8. Bxe4 dxe4 9. e3 Nbd7 10. Nd2 Bb4 11. Qa4 Bxd2 12. Bxd2 0-0 13. Bb4 Re8 14. Rfd1 Qc8 15. Rac1 a6 16. Bd6 e5 17. Nf5 Nb6 18. Qb4 Qxf5 19. Qxb6 Qh3 20. Rc2 Ng4 21. f3 exf3 22. e4 f2+ 23. Rxf2 Nxf2 24. Qxf2 Rad8 25. Rd5 Re6 26. c5 Rf6 27. Qe2 Qe6 28. Rxe5 Qxa2 29. Be7 Qb1+ 30. Kg2 Rc8 31. Bxf6 gxf6 32. Qg4+ Kf8 33. Qxc8+ Kg7 1-0

[Event "Catalunya Club op"]
[Site "Spain"]
[Date "1999.??.??"]
[Round "?"]
[White "Vargas Drechsler, Carlos"]
[Black "Vidal Rius, Enric"]
[Result "1/2-1/2"]
[WhiteElo "2085"]
[BlackElo "1930"]
[PlyCount "24"]
[EventDate "1999.??.??"]
[EventType "swiss"]
[EventRounds "9"]
[EventCountry "ESP"]
[SourceTitle "EXT 2000"]
[Source "ChessBase"]
[SourceDate "1999.11.16"]
[SourceVersion "1"]
[SourceVersionDate "1999.11.16"]
[SourceQuality "1"]

1. d4 d5 2. Nf3 Nf6 3. c4 c6 4. e3 Bg4 5. Nc3 e6 6. Bd3 Be7 7. 0-0 0-0 8. b3 Bh5 9. Bb2 Na6 10. Re1 Nb4 11. Be2 Bg6 12. Rc1 Nd7 1/2-1/2